000 00716 a2200205 4500
010 _aENG-89207
020 _a9788120334403
_c250.00
035 _aEN-72740
037 _bDBAD / PUB
082 1 4 _a658.4092
090 _c10547
_d10547
100 _aCharney, Cy
245 _aThe leader's tool kit :
_cby Cy Charney
_bhundreds of tips and techniques for developing the skills you need /
260 _aNew Delhi
_bPrentice Hall of India
_c2008
270 _aM-97, Connaught Circus
_bDelhi
_e110033
300 _axiii, 240p.
_c22 cm ( Pbk.)
500 _aIncludes index
942 _adpl
_cEN
_k658.4092 / CHA
999 _c10267
_d10267